[Event "Rhein Main op-A 25th"]
[Site "Bad Homburg"]
[Date "2023.06.09"]
[Round "4"]
[White "Bollmann, Henrik"]
[Black "McAdam, Mark"]
[Result "0-1"]
[WhiteElo "2111"]
[BlackElo "2020"]
[PlyCount "64"]
[EventDate "2023.06.07"]
[EventType "swiss"]
[EventRounds "7"]
[EventCountry "GER"]
[SourceTitle "CBM 215 Extra"]
[Source "ChessBase"]
[SourceDate "2023.09.30"]
[SourceVersion "1"]
[SourceVersionDate "2023.09.30"]
[SourceQuality "1"]

1. c4 Nf6 2. Nf3 e6 3. g3 d5 4. Bg2 c5 5. b3 Nc6 6. 0-0 Be7 7. cxd5 exd5 8. d4 0-0 9. Bb2 Ne4 10. dxc5 Bxc5 11. Nc3 Nxc3 12. Bxc3 d4 13. Bb2 Bf5 14. Nh4 Bg4 15. h3 Be6 16. Qc2 Bb6 17. Rad1 Rc8 18. Qb1 Qd7 19. Kh2 Rfd8 20. Nf3 Bd5 21. Qa1 Qe6 22. Rd2 f6 23. h4 Ba5 24. Rc2 d3 25. exd3 Qf5 26. Nd4 Nxd4 27. Rxc8 Nf3+ 28. Bxf3 Qxf3 29. Rxd8+ Bxd8 30. Rg1 Qxf2+ 31. Kh3 Be6+ 32. g4 Bc7 0-1

[Event "Rhein Main op-A 25th"]
[Site "Bad Homburg"]
[Date "2023.06.08"]
[Round "2"]
[White "Bollmann, Henrik"]
[Black "Rabiya, Karim"]
[Result "1-0"]
[WhiteElo "2111"]
[BlackElo "1750"]
[PlyCount "83"]
[EventDate "2023.06.07"]
[EventType "swiss"]
[EventRounds "7"]
[EventCountry "GER"]
[SourceTitle "CBM 215 Extra"]
[Source "ChessBase"]
[SourceDate "2023.09.30"]
[SourceVersion "1"]
[SourceVersionDate "2023.09.30"]
[SourceQuality "1"]

1. c4 e5 2. Nc3 Bb4 3. g3 Nf6 4. Bg2 c6 5. e4 0-0 6. Nge2 Re8 7. 0-0 a5 8. a3 Bxc3 9. Nxc3 c5 10. d3 h6 11. f4 d6 12. f5 Nc6 13. Be3 Bd7 14. g4 Nh7 15. Rb1 f6 16. h4 Nd4 17. a4 Rf8 18. Bf3 Kh8 19. Kf2 Bc6 20. Rh1 Qe7 21. Qd2 Nb3 22. Qd1 Nd4 23. Qg1 Kg8 24. Rh3 b6 25. b3 Ra7 26. Rb2 Rf7 27. Bd1 Qd8 28. Ke1 Kf8 29. Rg2 Rfc7 30. g5 fxg5 31. hxg5 Nxf5 32. Rf2 Nxg5 33. Bxg5 Qe8 34. Rxf5+ Rf7 35. Rxf7+ Rxf7 36. Be3 Qe6 37. Rf3 Ke8 38. Rxf7 Qxf7 39. Bg4 Kd8 40. Bf5 Qe7 41. Bf2 g5 42. Bg4 1-0

[Event "Rhein Main op-A 25th"]
[Site "Bad Homburg"]
[Date "2023.06.07"]
[Round "1"]
[White "Schulze, Manfred"]
[Black "Bollmann, Henrik"]
[Result "0-1"]
[WhiteElo "1867"]
[BlackElo "2111"]
[PlyCount "108"]
[EventDate "2023.06.07"]
[EventType "swiss"]
[EventRounds "7"]
[EventCountry "GER"]
[SourceTitle "CBM 215 Extra"]
[Source "ChessBase"]
[SourceDate "2023.09.30"]
[SourceVersion "1"]
[SourceVersionDate "2023.09.30"]
[SourceQuality "1"]

1. e4 c5 2. Nf3 e6 3. d3 Nc6 4. Nbd2 g6 5. g3 Bg7 6. Bg2 Nge7 7. 0-0 0-0 8. Re1 d6 9. Nf1 b5 10. c3 b4 11. Bd2 Rb8 12. Ne3 Bd7 13. h4 h6 14. Ng4 Kh7 15. Qc1 Ng8 16. Ne3 bxc3 17. bxc3 Qc7 18. Qc2 Nge7 19. Rab1 Rfc8 20. Nh2 Qd8 21. Rec1 Na5 22. Qd1 Bb5 23. Bf1 Nac6 24. Nf3 Ne5 25. Nxe5 Bxe5 26. Ng4 Bg7 27. Qf3 f5 28. Ne3 Qd7 29. g4 fxe4 30. Qxe4 Bc6 31. Qf4 Rf8 32. Qg3 Rxb1 33. Rxb1 Be5 34. f4 Bxf4 35. Qe1 e5 36. Qe2 Qe6 37. Rb2 Qf6 38. g5 hxg5 39. Ng4 Qf5 40. hxg5 Qxg5 41. Bg2 Bxd2 42. Rxd2 Bxg2 43. Qxg2 Rf4 44. Qh3+ Qh5 45. Rh2 Qxh3 46. Rxh3+ Kg7 47. Nf2 d5 48. Rg3 Kf7 49. Nh3 Ra4 50. Ng5+ Kf6 51. Nh7+ Kf5 52. Rf3+ Rf4 53. Re3 c4 54. Nf8 cxd3 0-1

[Event "Wiesbaden op 31st"]
[Site "Wiesbaden"]
[Date "2019.08.24"]
[Round "5"]
[White "Nagel, Bernhard"]
[Black "Bollmann, Henrik"]
[Result "1/2-1/2"]
[WhiteElo "2228"]
[BlackElo "2096"]
[PlyCount "34"]
[EventDate "2019.08.22"]
[EventType "swiss"]
[EventRounds "7"]
[EventCountry "GER"]
[SourceTitle "EXT 2020"]
[Source "ChessBase"]
[SourceDate "2019.10.17"]
[SourceVersion "1"]
[SourceVersionDate "2019.10.17"]
[SourceQuality "1"]

1. c4 e6 2. Nf3 d5 3. g3 c6 4. b3 a5 5. e3 a4 6. Bb2 Nf6 7. Qc1 Be7 8. d3 0-0 9. Nbd2 Nbd7 10. Be2 b5 11. Rb1 axb3 12. axb3 b4 13. 0-0 Bb7 14. Qc2 Qb6 15. Ra1 Rfc8 16. Rxa8 Rxa8 17. Ra1 Rxa1+ 1/2-1/2

[Event "Rhein Main op-A 22nd"]
[Site "Bad Homburg"]
[Date "2019.06.23"]
[Round "7"]
[White "Langensteiner, Matthias"]
[Black "Bollmann, Henrik"]
[Result "1/2-1/2"]
[WhiteElo "1985"]
[BlackElo "2103"]
[PlyCount "57"]
[EventDate "2019.06.19"]
[EventType "swiss"]
[EventRounds "9"]
[EventCountry "GER"]
[SourceTitle "EXT 2020"]
[Source "ChessBase"]
[SourceDate "2019.10.17"]
[SourceVersion "1"]
[SourceVersionDate "2019.10.17"]
[SourceQuality "1"]

1. d4 c5 2. d5 Nf6 3. c4 e5 4. Nc3 d6 5. e4 Be7 6. g3 h5 7. h4 Na6 8. Bg2 Nc7 9. Nge2 a6 10. a4 Rb8 11. a5 b5 12. axb6 Rxb6 13. 0-0 0-0 14. f4 Ng4 15. f5 Ne8 16. Qc2 g5 17. fxg6 fxg6 18. Bd2 Nef6 19. Nd1 Rb8 20. Nec3 Nh7 21. Ne3 Rxf1+ 22. Rxf1 Bf8 23. Ncd1 Nhf6 24. Nxg4 Nxg4 25. Ne3 Nf6 26. Bc1 Bg7 27. Nd1 Ng4 28. Nf2 Nh6 29. Nh3 1/2-1/2

[Event "Rhein Main op-A 22nd"]
[Site "Bad Homburg"]
[Date "2019.06.20"]
[Round "3"]
[White "Keller, Peter1111"]
[Black "Bollmann, Henrik"]
[Result "1/2-1/2"]
[WhiteElo "2237"]
[BlackElo "2103"]
[PlyCount "89"]
[EventDate "2019.06.19"]
[EventType "swiss"]
[EventRounds "9"]
[EventCountry "GER"]
[SourceTitle "EXT 2020"]
[Source "ChessBase"]
[SourceDate "2019.10.17"]
[SourceVersion "1"]
[SourceVersionDate "2019.10.17"]
[SourceQuality "1"]

1. e4 c5 2. Nf3 e6 3. d4 cxd4 4. Nxd4 a6 5. Bd3 g6 6. Nc3 Bg7 7. Be3 Ne7 8. Qd2 d5 9. Nb3 0-0 10. Bh6 d4 11. Ne2 e5 12. h4 f6 13. Bxg7 Kxg7 14. f4 Ng8 15. h5 g5 16. g3 Nc6 17. 0-0-0 a5 18. Kb1 a4 19. Nbc1 Be6 20. c3 h6 21. cxd4 Nxd4 22. Nxd4 Qxd4 23. Ne2 Qb6 24. Rc1 Ne7 25. Qc3 Nc6 26. f5 Bf7 27. Bc4 a3 28. Bxf7 Rxf7 29. Rhd1 Ra4 30. Rd2 Rxe4 31. Qxa3 Qe3 32. Qxe3 Rxe3 33. Rc3 Rxc3 34. bxc3 Rc7 35. g4 Kf7 36. Ng3 Na5 37. Ne4 Nc4 38. Rd3 Ke7 39. Kc2 Rc6 40. Kb3 Nd6 41. Nd2 Rb6+ 42. Kc2 Ra6 43. Kb3 Rb6+ 44. Kc2 Ra6 45. Kb3 1/2-1/2

[Event "Hessenliga 1819"]
[Site "Hessen"]
[Date "2019.04.07"]
[Round "8.3"]
[White "Bollmann, Henrik"]
[Black "Burkhardt, Holger"]
[Result "0-1"]
[WhiteElo "2103"]
[BlackElo "2005"]
[PlyCount "65"]
[EventDate "2018.09.23"]
[EventType "team-tourn"]
[EventRounds "9"]
[EventCountry "GER"]
[SourceTitle "EXT 2020"]
[Source "ChessBase"]
[SourceDate "2019.10.17"]
[SourceVersion "1"]
[SourceVersionDate "2019.10.17"]
[SourceQuality "1"]
[WhiteTeam "Bad Nauheim"]
[BlackTeam "Giessen"]
[WhiteTeamCountry "GER"]
[BlackTeamCountry "GER"]

1. c4 e5 2. Nc3 d6 3. g3 Nc6 4. Bg2 f5 5. e3 Nf6 6. Nge2 Be7 7. d4 0-0 8. Nd5 Nxd5 9. cxd5 Nb8 10. 0-0 Nd7 11. Bd2 Nf6 12. Rc1 Bd7 13. Qb3 e4 14. Rc2 Qb8 15. Rfc1 Rc8 16. a4 Kh8 17. Nc3 c5 18. dxc6 bxc6 19. Qa2 a5 20. f3 d5 21. f4 Qb6 22. h3 Rg8 23. Kh2 Rac8 24. Ne2 Ne8 25. Rc3 Rb8 26. Rb1 Nc7 27. Nc1 Na6 28. Bf1 Nb4 29. Qa1 g5 30. Na2 g4 31. hxg4 fxg4 32. Nxb4 Bxb4 33. Rc2 0-1

[Event "Hessenliga 1819"]
[Site "Hessen"]
[Date "2019.03.11"]
[Round "7.1"]
[White "Keller, Peter1111"]
[Black "Bollmann, Henrik"]
[Result "1-0"]
[WhiteElo "2193"]
[BlackElo "2103"]
[PlyCount "35"]
[EventDate "2018.09.23"]
[EventType "team-tourn"]
[EventRounds "9"]
[EventCountry "GER"]
[SourceTitle "EXT 2020"]
[Source "ChessBase"]
[SourceDate "2019.10.17"]
[SourceVersion "1"]
[SourceVersionDate "2019.10.17"]
[SourceQuality "1"]
[WhiteTeam "Frankfurt TV"]
[BlackTeam "Bad Nauheim"]
[WhiteTeamCountry "GER"]
[BlackTeamCountry "GER"]

1. e4 c5 2. Nf3 e6 3. d4 cxd4 4. Nxd4 a6 5. Bd3 g6 6. Nc3 Bg7 7. Be3 Ne7 8. Qd2 d5 9. Nb3 dxe4 10. Nxe4 Nf5 11. Bc5 h5 12. 0-0-0 Nc6 13. Kb1 Qc7 14. h3 h4 15. g4 hxg3 16. fxg3 Be5 17. Be2 Nxg3 18. Nd6+ 1-0

[Event "Hessenliga 1819"]
[Site "Hessen"]
[Date "2018.11.18"]
[Round "3.1"]
[White "Schoenau, Werner"]
[Black "Bollmann, Henrik"]
[Result "1/2-1/2"]
[WhiteElo "2216"]
[BlackElo "2103"]
[PlyCount "109"]
[EventDate "2018.09.23"]
[EventType "team-tourn"]
[EventRounds "9"]
[EventCountry "GER"]
[SourceTitle "EXT 2020"]
[Source "ChessBase"]
[SourceDate "2019.10.17"]
[SourceVersion "1"]
[SourceVersionDate "2019.10.17"]
[SourceQuality "1"]
[WhiteTeam "Dettingen"]
[BlackTeam "Bad Nauheim"]
[WhiteTeamCountry "GER"]
[BlackTeamCountry "GER"]

1. g3 d5 2. Bg2 Nf6 3. f4 g6 4. Nf3 Bg7 5. 0-0 0-0 6. d3 b6 7. Qe1 Bb7 8. Nbd2 Nbd7 9. e4 dxe4 10. dxe4 Nc5 11. e5 Nfe4 12. Nxe4 Nxe4 13. Ng5 Nc5 14. Bxb7 Nxb7 15. Be3 Qd5 16. Rd1 Qc6 17. Qb4 h6 18. Qe4 Qxe4 19. Nxe4 Rad8 20. Bd4 Rd7 21. Bc3 Rfd8 22. Rxd7 Rxd7 23. g4 Rd5 24. h4 Kf8 25. Kf2 Nc5 26. Ke3 c6 27. b4 Nxe4 28. Kxe4 e6 29. Bd4 Ke7 30. Rf3 Rd7 31. Rc3 Rc7 32. f5 gxf5+ 33. gxf5 exf5+ 34. Kxf5 Rd7 35. Ke4 Rc7 36. Rg3 Kf8 37. a4 Rd7 38. Rc3 Rc7 39. a5 b5 40. Bc5+ Kg8 41. Bd6 Rc8 42. a6 f6 43. Rc5 Kf7 44. c4 bxc4 45. b5 Ke6 46. b6 axb6 47. a7 f5+ 48. Ke3 bxc5 49. Bb8 Bxe5 50. a8Q Rxb8 51. Qxc6+ Bd6 52. Qa4 f4+ 53. Ke4 Rf8 54. Qxc4+ Ke7 55. Kf3 1/2-1/2

[Event "Hessenliga 1718"]
[Site "Hessen"]
[Date "2018.01.28"]
[Round "6.1"]
[White "Bollmann, Henrik"]
[Black "Grabarczyk, Bogdan"]
[Result "0-1"]
[WhiteElo "2120"]
[BlackElo "2389"]
[PlyCount "84"]
[EventDate "2017.09.17"]
[EventType "team-tourn"]
[EventRounds "9"]
[EventCountry "GER"]
[SourceTitle "CBM 189 Extra"]
[Source "ChessBase"]
[SourceDate "2019.06.03"]
[SourceVersion "1"]
[SourceVersionDate "2019.06.03"]
[SourceQuality "1"]
[WhiteTeam "Bad Nauheim"]
[BlackTeam "Griesheim II"]
[WhiteTeamCountry "GER"]
[BlackTeamCountry "GER"]

1. c4 e5 2. Nc3 f5 3. g3 d6 4. Bg2 Nf6 5. d4 Be7 6. Nf3 e4 7. Ng5 h6 8. Nh3 Be6 9. b3 c6 10. 0-0 d5 11. cxd5 cxd5 12. Bb2 0-0 13. Qd2 Nc6 14. Rfc1 Qd7 15. f3 g5 16. f4 g4 17. Nf2 h5 18. Bf1 h4 19. e3 Kg7 20. Be2 Rh8 21. Kg2 Rh6 22. Rh1 Rah8 23. Na4 Qd8 24. Nc5 Bc8 25. Rag1 Nh5 26. b4 b6 27. b5 h3+ 28. Kf1 bxc5 29. dxc5+ Nf6 30. bxc6 Bxc5 31. Nd1 Qb6 32. Qxd5 Rd8 33. Qb3 Qxc6 34. Kf2 Rd3 35. Qb8 Kf7 36. Qe5 Qb6 37. Bxd3 exd3 38. Ke1 Bb4+ 39. Bc3 Bxc3+ 40. Qxc3 Ne4 41. Qb3+ Qxb3 42. axb3 Rc6 0-1

[Event "Hessenliga 1718"]
[Site "Hessen"]
[Date "2017.12.03"]
[Round "4.3"]
[White "Bollmann, Henrik"]
[Black "Rueger, Erhard"]
[Result "1/2-1/2"]
[WhiteElo "2120"]
[BlackElo "2108"]
[PlyCount "61"]
[EventDate "2017.09.17"]
[EventType "team-tourn"]
[EventRounds "9"]
[EventCountry "GER"]
[SourceTitle "CBM 189 Extra"]
[Source "ChessBase"]
[SourceDate "2019.06.03"]
[SourceVersion "1"]
[SourceVersionDate "2019.06.03"]
[SourceQuality "1"]
[WhiteTeam "Bad Nauheim"]
[BlackTeam "Frankfurt BvK"]
[WhiteTeamCountry "GER"]
[BlackTeamCountry "GER"]

1. c4 c5 2. Nf3 Nc6 3. g3 g6 4. Bg2 Bg7 5. Nc3 e6 6. d4 cxd4 7. Nb5 d5 8. cxd5 Qa5+ 9. Nd2 Qxb5 10. a4 Qb6 11. dxc6 Ne7 12. Nc4 Qb4+ 13. Bd2 Qxc4 14. cxb7 Bxb7 15. Bxb7 Rb8 16. b3 Qc7 17. Bg2 0-0 18. 0-0 Rfc8 19. Rc1 Qd6 20. Rxc8+ Rxc8 21. Qb1 Nd5 22. Bxd5 Qxd5 23. Rc1 Rb8 24. b4 a6 25. Qc2 Bf8 26. Qc4 Qxc4 27. Rxc4 e5 28. f4 f6 29. Kg2 Kf7 30. Kf3 Ke6 31. Rc6+ 1/2-1/2

[Event "Hessenliga 1718"]
[Site "Hessen"]
[Date "2017.11.19"]
[Round "3.1"]
[White "Hankel, Dennis"]
[Black "Bollmann, Henrik"]
[Result "1-0"]
[WhiteElo "2128"]
[BlackElo "2120"]
[PlyCount "157"]
[EventDate "2017.09.17"]
[EventType "team-tourn"]
[EventRounds "9"]
[EventCountry "GER"]
[SourceTitle "CBM 189 Extra"]
[Source "ChessBase"]
[SourceDate "2019.06.03"]
[SourceVersion "1"]
[SourceVersionDate "2019.06.03"]
[SourceQuality "1"]
[WhiteTeam "Neuberg II"]
[BlackTeam "Bad Nauheim"]
[WhiteTeamCountry "GER"]
[BlackTeamCountry "GER"]

1. d4 d5 2. Bf4 e6 3. e3 Bd6 4. Bg3 Ne7 5. Nf3 Nf5 6. Bd3 Nxg3 7. hxg3 c5 8. c3 Nd7 9. Nbd2 Nf6 10. Ne5 h6 11. f4 Qb6 12. Rb1 Bd7 13. g4 Bb5 14. Bxb5+ Qxb5 15. g5 Bxe5 16. fxe5 Ne4 17. Nxe4 dxe4 18. Qe2 Qc6 19. gxh6 gxh6 20. 0-0 Rh7 21. b4 cxb4 22. cxb4 Rc8 23. Qg4 Kf8 24. Qg6 Rg7 25. Qxh6 Kg8 26. Rf2 Qa4 27. Qh4 Rc2 28. Qxe4 Rxf2 29. Kxf2 Qxa2+ 30. Kg1 Qd2 31. Qf3 Kh8 32. b5 Qc2 33. Rf1 Qd2 34. Qe4 Kg8 35. Qf3 Kf8 36. Qf2 Qc3 37. Qe2 Kg8 38. Rf3 Qc1+ 39. Rf1 Qc3 40. Rd1 Rg3 41. Kf2 Rg5 42. g4 Rg6 43. Rh1 Kg7 44. Kf3 Qb3 45. Qh2 Qd5+ 46. Kf4 Kf8 47. Rc1 Kg7 48. Rh1 Kf8 49. Qh8+ Rg8 50. Qh6+ Ke8 51. Rc1 Qd8 52. Qf6 Qd7 53. Rc5 Kf8 54. g5 Rg7 55. e4 Kg8 56. Kg4 Rg6 57. Qf2 Qd8 58. Qe3 Qd7 59. Qc3 Kg7 60. Kh4 Qe7 61. Qe3 Rh6+ 62. Kg4 Rh2 63. Qf3 Kg6 64. Qf6+ Qxf6 65. exf6 Rd2 66. d5 exd5 67. Rxd5 Rg2+ 68. Kf4 Rg1 69. Rd8 Rf1+ 70. Ke5 Kxg5 71. Rg8+ Kh6 72. Rg7 Rb1 73. Rxf7 Rxb5+ 74. Ke6 a5 75. Rf8 Rb6+ 76. Kf7 Kh7 77. Ra8 Ra6 78. Rxa6 bxa6 79. Ke6 1-0

[Event "Rhein Main op-A 20th"]
[Site "Bad Homburg"]
[Date "2017.06.17"]
[Round "6"]
[White "Bollmann, Henrik"]
[Black "Korolev, Alexandr"]
[Result "1/2-1/2"]
[WhiteElo "2135"]
[BlackElo "2053"]
[PlyCount "101"]
[EventDate "2017.06.14"]
[EventType "swiss"]
[EventRounds "7"]
[EventCountry "GER"]
[SourceTitle "EXT 2018"]
[Source "ChessBase"]
[SourceDate "2017.10.13"]
[SourceVersion "1"]
[SourceVersionDate "2017.10.13"]
[SourceQuality "1"]

1. c4 e5 2. Nc3 Nf6 3. Nf3 Nc6 4. a3 d5 5. cxd5 Nxd5 6. Qc2 Be7 7. e3 a6 8. Nxd5 Qxd5 9. Bd3 Qc5 10. Qxc5 Bxc5 11. b4 Bd6 12. Bb2 Bd7 13. Be4 f6 14. d4 exd4 15. Nxd4 Be5 16. 0-0-0 Nxd4 17. Bxd4 0-0-0 18. Bxe5 fxe5 19. Rd2 g6 20. Rhd1 c6 21. Kb2 Kc7 22. h3 Be6 23. Rxd8 Rxd8 24. Rxd8 Kxd8 25. f4 exf4 26. exf4 Kc7 27. Kc3 b6 28. Bd3 a5 29. bxa5 bxa5 30. Bc4 Bd7 31. g4 Kd6 32. Kd4 c5+ 33. Ke3 h6 34. Bf7 g5 35. Bc4 Bc6 36. f5 Ke5 37. Be2 Bd5 38. Bf3 Bf7 39. Bd1 Be8 40. Bf3 Ba4 41. Bg2 Bb3 42. Kd3 Kf4 43. Kc3 Bf7 44. Bf1 Ke5 45. Bg2 h5 46. gxh5 Bxh5 47. Kc4 Kxf5 48. Kxc5 Bd1 49. Kb5 a4 50. Bc6 Kf4 51. Bd7 1/2-1/2

[Event "Rhein Main op-A 20th"]
[Site "Bad Homburg"]
[Date "2017.06.14"]
[Round "1"]
[White "Schneider, Wolfram"]
[Black "Bollmann, Henrik"]
[Result "1/2-1/2"]
[WhiteElo "1941"]
[BlackElo "2135"]
[PlyCount "78"]
[EventDate "2017.06.14"]
[EventType "swiss"]
[EventRounds "7"]
[EventCountry "GER"]
[SourceTitle "EXT 2018"]
[Source "ChessBase"]
[SourceDate "2017.10.13"]
[SourceVersion "1"]
[SourceVersionDate "2017.10.13"]
[SourceQuality "1"]

1. d4 d5 2. Nf3 e6 3. c4 c6 4. Nc3 dxc4 5. a4 Bb4 6. e3 b5 7. axb5 cxb5 8. Bd2 Bxc3 9. Bxc3 Bb7 10. b3 a5 11. bxc4 b4 12. Bb2 Nf6 13. Bd3 0-0 14. 0-0 Nbd7 15. Nd2 Qc7 16. e4 e5 17. f4 exd4 18. e5 Ne8 19. Bxd4 Nc5 20. Qe2 Nxd3 21. Qxd3 f5 22. c5 Qc6 23. Rf2 Nc7 24. Nc4 Qb5 25. Qc2 Be4 26. Qc1 Ne6 27. Nd6 Qc6 28. Be3 a4 29. Qc4 Bd5 30. Qxb4 Rfb8 31. Qc3 Rb3 32. Qc1 g6 33. Rfa2 Rb4 34. Rb2 Rab8 35. Rab1 Rb3 36. Rxb3 axb3 37. Rb2 Rb4 38. Qc3 Ra4 39. Rxb3 Bxb3 1/2-1/2

[Event "Hessenliga 1617"]
[Site "Hessen"]
[Date "2017.01.15"]
[Round "5.2"]
[White "Bollmann, Henrik"]
[Black "Rosenberger, Berthold"]
[Result "0-1"]
[WhiteElo "2145"]
[BlackElo "2217"]
[PlyCount "62"]
[EventDate "2016.09.18"]
[EventType "team-tourn"]
[EventRounds "9"]
[EventCountry "GER"]
[SourceTitle "EXT 2018"]
[Source "ChessBase"]
[SourceDate "2017.10.13"]
[SourceVersion "1"]
[SourceVersionDate "2017.10.13"]
[SourceQuality "1"]
[WhiteTeam "Bad Nauheim"]
[BlackTeam "Dettingen"]
[WhiteTeamCountry "GER"]
[BlackTeamCountry "GER"]

1. c4 c5 2. g3 Nc6 3. Bg2 g6 4. Nf3 Bg7 5. 0-0 Nf6 6. d4 cxd4 7. Nxd4 Nxd4 8. Qxd4 0-0 9. Nc3 d6 10. Qd3 Qa5 11. Bd2 Qh5 12. h4 Bf5 13. Qe3 Be6 14. Rad1 Ng4 15. Qf4 Be5 16. Qf3 Bxc4 17. b3 Bxc3 18. Bxc3 Ba6 19. Rfe1 Rac8 20. Bh3 Qf5 21. Bd4 h5 22. Qg2 Rc2 23. f3 Qe6 24. Bxa7 Ra8 25. Bb6 Bxe2 26. Ra1 Raxa2 27. Rxa2 Rxa2 28. Bf2 Qf5 29. fxg4 hxg4 30. Bd4 gxh3 31. Rc1 hxg2 0-1

[Event "Hessenliga 1617"]
[Site "Hessen"]
[Date "2016.12.11"]
[Round "4.3"]
[White "Bollmann, Henrik"]
[Black "Schnitzspan, Lothar"]
[Result "1-0"]
[WhiteElo "2145"]
[BlackElo "2298"]
[PlyCount "113"]
[EventDate "2016.09.18"]
[EventType "team-tourn"]
[EventRounds "9"]
[EventCountry "GER"]
[SourceTitle "EXT 2018"]
[Source "ChessBase"]
[SourceDate "2017.10.13"]
[SourceVersion "1"]
[SourceVersionDate "2017.10.13"]
[SourceQuality "1"]
[WhiteTeam "Bad Nauheim"]
[BlackTeam "Griesheim II"]
[WhiteTeamCountry "GER"]
[BlackTeamCountry "GER"]

1. d4 Nf6 2. Nf3 g6 3. g3 d5 4. Bg2 Bg7 5. 0-0 0-0 6. c4 dxc4 7. Na3 c3 8. bxc3 c5 9. e3 Nc6 10. Qe2 Bf5 11. Rd1 Qa5 12. Bb2 Be4 13. Nd2 Bxg2 14. Nb3 Qc7 15. Kxg2 b6 16. d5 Nd8 17. c4 Nb7 18. e4 Rad8 19. Rd2 a6 20. e5 Nh5 21. Qe3 f5 22. f4 Qd7 23. Rf1 Qa4 24. Qe2 h6 25. Bc1 Kh7 26. Rfd1 Qe8 27. Rc2 g5 28. Kh1 Qg6 29. Nb1 Rg8 30. Nc3 Bh8 31. Qf2 gxf4 32. gxf4 Qg4 33. Be3 Qh3 34. Ne2 Rg6 35. Rg1 Rdg8 36. Rxg6 Rxg6 37. Rc1 Nd8 38. Rg1 Rg4 39. Nd2 Nf7 40. Rxg4 Qxg4 41. Qg2 Ng7 42. h3 Qh5 43. Nf3 Nd8 44. Ng3 Qf7 45. Qc2 e6 46. Qd3 Qg6 47. Kh2 Nh5 48. Ne2 Qf7 49. Nh4 Bg7 50. Nc3 Bf8 51. d6 Qg7 52. Ne2 Qd7 53. Qb1 b5 54. cxb5 axb5 55. Bxc5 Bg7 56. Be3 Kg8 57. Nd4 1-0

[Event "Hessenliga 1617"]
[Site "Hessen"]
[Date "2016.09.18"]
[Round "1.2"]
[White "Bollmann, Henrik"]
[Black "Goreacinic, Dmitri"]
[Result "1-0"]
[WhiteElo "2145"]
[BlackElo "2276"]
[PlyCount "87"]
[EventDate "2016.09.18"]
[EventType "team-tourn"]
[EventRounds "9"]
[EventCountry "GER"]
[SourceTitle "EXT 2018"]
[Source "ChessBase"]
[SourceDate "2017.10.13"]
[SourceVersion "1"]
[SourceVersionDate "2017.10.13"]
[SourceQuality "1"]
[WhiteTeam "Bad Nauheim"]
[BlackTeam "Offenbach"]
[WhiteTeamCountry "GER"]
[BlackTeamCountry "GER"]

1. c4 e5 2. Nc3 Nf6 3. Nf3 Nc6 4. a3 d5 5. cxd5 Nxd5 6. Qc2 Be6 7. e3 a6 8. Be2 Be7 9. 0-0 0-0 10. Na4 Qd6 11. b4 f5 12. d3 Bf6 13. Bb2 Rad8 14. Rac1 Nce7 15. g3 c6 16. e4 Nc7 17. Qc5 fxe4 18. dxe4 Ng6 19. Rfd1 Qxc5 20. Nxc5 Bc8 21. h4 h5 22. Ne1 Nb5 23. Bxh5 Nh8 24. Be2 g5 25. hxg5 Bxg5 26. Rxd8 Rxd8 27. Rd1 Nf7 28. Rxd8+ Bxd8 29. Nf3 b6 30. Bxb5 cxb5 31. Nd3 Bb7 32. Nd2 Nd6 33. f3 Bg5 34. Bxe5 Nc4 35. Nxc4 bxc4 36. Nf4 Kf7 37. Kf2 b5 38. Ke3 Bd8 39. Bd4 a5 40. Ne2 Be7 41. Bc3 Bc6 42. f4 Bd7 43. Nd4 Bf8 44. e5 1-0

[Event "Vellmar op 8th"]
[Site "Vellmar"]
[Date "2016.07.29"]
[Round "2"]
[White "Bollmann, Henrik"]
[Black "Kluempen, Andreas"]
[Result "1-0"]
[WhiteElo "2145"]
[BlackElo "1917"]
[PlyCount "59"]
[EventDate "2016.07.28"]
[EventType "swiss"]
[EventRounds "7"]
[EventCountry "GER"]
[SourceTitle "CBM 173 Extra"]
[Source "ChessBase"]
[SourceDate "2016.08.29"]
[SourceVersion "1"]
[SourceVersionDate "2016.08.29"]
[SourceQuality "1"]

1. c4 e5 2. Nc3 Nf6 3. Nf3 Nc6 4. a3 d5 5. cxd5 Nxd5 6. Qc2 Be7 7. e3 0-0 8. Bb5 Nxc3 9. bxc3 Qd6 10. d4 exd4 11. cxd4 Bd7 12. Bd3 h6 13. 0-0 Bg4 14. Nd2 Rac8 15. Bb2 Be6 16. Rac1 f6 17. Ne4 Qd8 18. Nc5 Bxc5 19. Qxc5 Qe7 20. d5 Rfd8 21. dxc6 Qxc5 22. Rxc5 b6 23. Rc3 Rd6 24. Bb5 Rcd8 25. Rcc1 Kh8 26. Bd4 Bd5 27. a4 a5 28. h3 f5 29. f4 Rg6 30. Rf2 1-0

[Event "Vellmar op 8th"]
[Site "Vellmar"]
[Date "2016.07.28"]
[Round "1"]
[White "Hansult, Manfred"]
[Black "Bollmann, Henrik"]
[Result "1/2-1/2"]
[WhiteElo "1886"]
[BlackElo "2145"]
[PlyCount "100"]
[EventDate "2016.07.28"]
[EventType "swiss"]
[EventRounds "7"]
[EventCountry "GER"]
[SourceTitle "CBM 173 Extra"]
[Source "ChessBase"]
[SourceDate "2016.08.29"]
[SourceVersion "1"]
[SourceVersionDate "2016.08.29"]
[SourceQuality "1"]

1. d4 d5 2. Nf3 e6 3. e3 f5 4. c4 Nf6 5. Bd3 c6 6. 0-0 Bd6 7. b3 Qe7 8. a4 a5 9. Ba3 Bxa3 10. Nxa3 0-0 11. Ne5 Bd7 12. Nc2 Be8 13. Ne1 Bh5 14. Be2 Bxe2 15. Qxe2 Nbd7 16. N1d3 Nxe5 17. Nxe5 Nd7 18. Nxd7 Qxd7 19. f4 b6 20. Rfc1 Rab8 21. h3 Rfc8 22. Qd2 Qe7 23. Rcb1 c5 24. Rc1 Rd8 25. Qe2 Rbc8 26. Rd1 Rc7 27. Rac1 cxd4 28. exd4 Qd6 29. cxd5 Rxc1 30. Rxc1 Qxd5 31. Rc4 Qd6 32. Qe3 h6 33. Kh1 Qd7 34. Qe5 Rc8 35. Rxc8+ Qxc8 36. d5 exd5 37. Qxd5+ Kh8 38. Kh2 Qf8 39. Qe6 Qc5 40. Qf7 Kh7 41. Qe6 b5 42. axb5 Qxb5 43. h4 Qc5 44. h5 Qb5 45. Qg6+ Kg8 46. Qe6+ Kf8 47. g3 Qc5 48. Kh3 Qb5 49. Kh2 Qc5 50. Kh3 Qb5 1/2-1/2